000 00596nam a2200229 a 4500
001 BRL_1671
005 20190320211321.0
008 230414s1995----enkao#####---#000-0#eng-#
020 _a0714117102
041 _aeng
044 _aenk
050 4 _aNK7306
_b.S48 1995
245 1 0 _aSeven thousand years of jewellery
_cedited by Hugc Tait.
260 _aLondon
_bBritish Museum
_c1995
300 _a254 p.
_bil.
_c28 cm.
500 _aAu2250
650 1 4 _aJoyería
_xHistoria
_927590
700 1 _aTait, Hugh
_eed.
_927591
710 2 _aBritish Museum
_91207
902 _aGRL
942 _2lcc
_cB
999 _c10480
_d10480